[Event "95th YMCA Masters "]
[Site "Warszawa"]
[Date "2011.10.21"]
[Round "4"]
[White "Strzemiecki, Zbigniew"]
[Black "Adamski, Andrzej"]
[Result "1-0"]
[WhiteElo "2421"]
[BlackElo "2255"]
[PlyCount "114"]
[EventDate "2011.09.30"]
[EventType "tourn"]
[EventRounds "1"]
[EventCountry "POL"]
[EventCategory "3"]
[SourceDate "2011.09.29"]

1. e4 e5 2. Nf3 Nc6 3. Bb5 f5 4. Bxc6 dxc6 5. Nc3 Bd6 6. d4 fxe4 7. Nxe4 Nf6 8.
Nxd6+ cxd6 9. dxe5 dxe5 10. Qxd8+ Kxd8 11. Nxe5 Re8 12. Bf4 Nh5 13. O-O-O+ Kc7
14. Nd3+ Nxf4 15. Nxf4 g5 16. Nd3 Bf5 17. Rhe1 Bxd3 18. cxd3 Kd6 19. Kd2 Rf8
20. f3 Rf5 21. Re4 Rb5 22. b3 a5 23. Rde1 a4 24. b4 a3 25. Rd4+ Rd5 26. Ree4 h6
27. Kc3 Rc8 28. Kb3 c5 29. Rxd5+ Kxd5 30. h4 gxh4 31. Rxh4 cxb4 32. Rxb4 Rg8
33. g4 Re8 34. Re4 Rc8 35. Rf4 Ke5 36. Rf7 Rd8 37. Kc3 Rc8+ 38. Kd2 Rb8 39.
Rf5+ Kd4 40. Rf4+ Kd5 41. Ra4 Rf8 42. Ke2 Re8+ 43. Kf2 b5 44. Rxa3 Kd4 45. Rb3
Re5 46. f4 Rc5 47. Kf3 Rc1 48. Rxb5 Rf1+ 49. Ke2 Rg1 50. Rb4+ Kd5 51. Kf3 Rf1+
52. Ke3 Re1+ 53. Kf2 Rd1 54. Ke2 Rg1 55. f5 Rg2+ 56. Ke3 Rxa2 57. Rb5+ Kd6 1-0

[Event "95th YMCA Masters "]
[Site "Warszawa"]
[Date "2011.10.28"]
[Round "5"]
[White "Adamski, Andrzej"]
[Black "Przezdziecka, Marta"]
[Result "1-0"]
[WhiteElo "2255"]
[BlackElo "2249"]
[PlyCount "59"]
[EventDate "2011.09.30"]
[EventType "tourn"]
[EventRounds "1"]
[EventCountry "POL"]
[EventCategory "3"]
[SourceDate "2011.09.29"]

1. e4 c5 2. Nc3 Nc6 3. g3 g6 4. Bg2 Bg7 5. f4 e6 6. e5 d6 7. Bxc6+ bxc6 8. Nf3
Ne7 9. Ne4 dxe5 10. fxe5 O-O 11. d3 Nf5 12. O-O Qb6 13. g4 Nd4 14. Nxd4 cxd4
15. Bg5 Bxe5 16. Nf6+ Bxf6 17. Bxf6 Qc5 18. Qd2 Re8 19. Rf3 Qf8 20. Qg5 e5 21.
Raf1 h6 22. Rh3 Kh7 23. Bg7 Qxg7 24. Rxf7 Kg8 25. Rxg7+ Kxg7 26. Qxh6+ Kf7 27.
Qh7+ Kf6 28. Rf3+ Kg5 29. Kg2 Be6 30. Kg3 1-0

[Event "95th YMCA Masters "]
[Site "Warszawa"]
[Date "2011.10.28"]
[Round "5"]
[White "Janczarski, Michal"]
[Black "Kosiorek, Marek"]
[Result "0-1"]
[WhiteElo "2301"]
[BlackElo "2355"]
[PlyCount "80"]
[EventDate "2011.09.30"]
[EventType "tourn"]
[EventRounds "1"]
[EventCountry "POL"]
[EventCategory "3"]
[SourceDate "2011.09.29"]

1. c4 c5 2. Nc3 g6 3. g3 Bg7 4. Bg2 Nf6 5. Nf3 O-O 6. O-O d6 7. a3 Nc6 8. Rb1
Bd7 9. b4 b6 10. d3 Rc8 11. bxc5 dxc5 12. Bd2 h6 13. Nd5 Nxd5 14. cxd5 Nd4 15.
Nxd4 cxd4 16. Qb3 Bg4 17. h3 Bd7 18. a4 Re8 19. a5 b5 20. e4 dxe3 21. fxe3 Qc7
22. Kh2 Be5 23. Be1 Qc2 24. Bb4 h5 25. d4 Bd6 26. Bxd6 exd6 27. Qa3 Qd2 28. Rb2
Rxe3 29. Rxd2 Rxa3 30. Rf6 Bf5 31. Rxd6 b4 32. Rc6 Rb8 33. d6 b3 34. g4 Ra2 35.
gxf5 Rxd2 36. d7 Rc2 37. Rc5 a6 38. fxg6 fxg6 39. Kg3 Kf7 40. d8=Q Rxd8 0-1

[Event "95th YMCA Masters "]
[Site "Warszawa"]
[Date "2011.11.02"]
[Round "5"]
[White "Kukawski, Maciej"]
[Black "Alvarado, Carlos"]
[Result "1/2-1/2"]
[WhiteElo "2338"]
[BlackElo "2212"]
[Annotator "M"]
[PlyCount "49"]
[EventDate "2011.09.30"]
[EventType "tourn"]
[EventRounds "1"]
[EventCountry "POL"]
[EventCategory "3"]
[SourceDate "2011.09.29"]

1. e4 e5 2. Nf3 Nf6 3. Nxe5 d6 4. Nxf7 Kxf7 5. d4 c5 6. dxc5 Nc6 7. Bc4+ Be6 8.
Bxe6+ Kxe6 9. O-O dxc5 10. Qe2 Kf7 11. Qc4+ Kg6 12. Nc3 h6 13. Rd1 Qa5 14. f4
Rd8 15. Be3 Qa6 16. Qe6 Nd4 17. Qh3 Be7 18. e5 Nxc2 19. exf6 Bxf6 20. Qg4+ Kf7
21. Rd7+ Rxd7 22. Qxd7+ Kg6 23. Qg4+ Kf7 24. Qd7+ Kg6 25. Qg4+ $11 1/2-1/2

[Event "95th YMCA Masters "]
[Site "Warszawa"]
[Date "2011.11.14"]
[Round "5"]
[White "Bobula, Mateusz"]
[Black "Nguyen, Piotr"]
[Result "0-1"]
[WhiteElo "2379"]
[BlackElo "2368"]
[PlyCount "54"]
[EventDate "2011.09.30"]
[EventType "tourn"]
[EventRounds "1"]
[EventCountry "POL"]
[EventCategory "3"]
[SourceDate "2011.09.29"]

1. d4 f5 2. g3 Nf6 3. Bg2 g6 4. Nf3 Bg7 5. O-O O-O 6. c4 d6 7. Nc3 Qe8 8. d5
Na6 9. Rb1 c6 10. Nd4 Bd7 11. b3 Rc8 12. Bb2 Qf7 13. Qd2 Nc5 14. e3 Nce4 15.
Nxe4 Nxe4 16. Qa5 cxd5 17. Qxa7 dxc4 18. Qxb7 e5 19. Nf3 c3 20. Ba1 Rb8 21. Qc7
Rfc8 22. Qa5 Ra8 23. Qb4 Rcb8 24. Qc4 Rxa2 25. Qxf7+ Kxf7 26. Rfc1 Rc8 27. b4
c2 0-1

[Event "95th YMCA Masters "]
[Site "Warszawa"]
[Date "2011.11.04"]
[Round "6"]
[White "Przezdziecka, Marta"]
[Black "Przedmojski, Rafal"]
[Result "0-1"]
[WhiteElo "2249"]
[BlackElo "2374"]
[PlyCount "112"]
[EventDate "2011.09.30"]
[EventType "tourn"]
[EventRounds "1"]
[EventCountry "POL"]
[EventCategory "3"]
[SourceDate "2011.09.29"]

1. d4 f5 2. c4 Nf6 3. g3 e6 4. Bg2 d5 5. Nh3 Bd6 6. O-O O-O 7. Qc2 c6 8. Bf4
Be7 9. Nd2 h6 10. Bxb8 Rxb8 11. Nf4 g5 12. Ng6 Rf7 13. Nxe7+ Qxe7 14. Nf3 Rg7
15. Ne5 h5 16. Rac1 Ng4 17. Nxg4 hxg4 18. cxd5 exd5 19. Qc5 Ra8 20. b4 a6 21.
a4 Bd7 22. e3 Rf8 23. b5 axb5 24. axb5 f4 25. bxc6 bxc6 26. Rfe1 Qf6 27. e4 Rh7
28. exd5 fxg3 29. Re2 gxf2+ 30. Kf1 Bf5 31. Qc4 cxd5 32. Qxd5+ Kh8 33. Rc6 Qe7
34. Rxe7 Rxe7 35. Kxf2 Be4+ 36. Kg3 Bxd5 37. Bxd5 Rf4 38. Be6 Rxd4 39. Bxg4
Re3+ 40. Kf2 Ra3 41. Be2 Rf4+ 42. Kg2 Re4 43. Bf3 Ree3 44. Rf6 Kg7 45. Rf5 Kg6
46. Rf8 Ra2+ 47. Kg3 Ra4 48. h3 Rb4 49. Kf2 Rf4 50. Rg8+ Kf7 51. Kxe3 Kxg8 52.
Kf2 Kg7 53. Kg3 Kf6 54. Bg4 Ra4 55. Bd1 Rd4 56. Bg4 Rd3+ 0-1

[Event "95th YMCA Masters "]
[Site "Warszawa"]
[Date "2011.11.04"]
[Round "6"]
[White "Nguyen, Piotr"]
[Black "Pinski, Jan"]
[Result "1-0"]
[WhiteElo "2368"]
[BlackElo "2377"]
[PlyCount "67"]
[EventDate "2011.09.30"]
[EventType "tourn"]
[EventRounds "1"]
[EventCountry "POL"]
[EventCategory "3"]
[SourceDate "2011.09.29"]

1. f4 d5 2. Nf3 Nf6 3. g3 c5 4. Bg2 Nc6 5. O-O g6 6. d3 Bg7 7. Nc3 O-O 8. Ne5
Nxe5 9. fxe5 Ng4 10. Nxd5 e6 11. Nf6+ Nxf6 12. exf6 Bxf6 13. c3 Bg7 14. Be3 Qd6
15. Qa4 Rd8 16. Qc4 Bf8 17. Rf2 Bd7 18. Raf1 Be8 19. Bg5 Rd7 20. Bf6 Rb8 21.
Qh4 Qa6 22. a3 b5 23. g4 Qd6 24. Rf3 h6 25. Rh3 e5 26. Be4 Rb6 27. g5 Qc7 28.
Qg3 Re6 29. Bf5 Rxf6 30. gxf6 Rd8 31. Qe3 c4 32. Rxh6 Bc5 33. d4 Rxd4 34. Rh8+
1-0

[Event "95th YMCA Masters "]
[Site "Warszawa"]
[Date "2011.11.21"]
[Round "6"]
[White "Alvarado, Carlos"]
[Black "Bobula, Mateusz"]
[Result "0-1"]
[WhiteElo "2212"]
[BlackElo "2379"]
[PlyCount "102"]
[EventDate "2011.09.30"]
[EventType "tourn"]
[EventRounds "1"]
[EventCountry "POL"]
[EventCategory "3"]
[SourceDate "2011.09.29"]

1. d4 d5 2. c4 e6 3. Nf3 Nf6 4. e3 c6 5. b3 Nbd7 6. Bb2 Bd6 7. Nbd2 b6 8. Bd3
Bb7 9. O-O O-O 10. Ne5 c5 11. cxd5 Nxd5 12. Ndc4 Nxe5 13. dxe5 Be7 14. Qb1 h6
15. Rd1 Qc7 16. Bh7+ Kh8 17. Be4 Rfd8 18. Bf3 Bc6 19. a3 a5 20. Nd6 Kg8 21.
Nxf7 Kxf7 22. Qh7 Bf8 23. Bh5+ Ke7 24. g3 Be8 25. Bg4 b5 26. e4 Nb6 27. f4
Rxd1+ 28. Rxd1 Rd8 29. Rf1 Rd2 30. Bc3 Rc2 31. Bxa5 Qa7 32. f5 Qxa5 33. f6+ Kd8
34. fxg7 Bxg7 35. Qxg7 Nd7 36. Rd1 Rd2 37. Rf1 Qxa3 38. Qxh6 Qb2 39. Qh4+ Kc7
40. Bxe6 Qxe5 41. Bd5 Bh5 42. Qf4 Qxf4 43. Rxf4 Ne5 44. h3 c4 45. bxc4 bxc4 46.
g4 c3 47. Bb3 Bf7 48. Ba4 Be8 49. Bb3 Rb2 50. Bd1 Rb1 51. Rf1 Bb5 0-1

[Event "95th YMCA Masters "]
[Site "Warszawa"]
[Date "2011.11.04"]
[Round "6"]
[White "Kosiorek, Marek"]
[Black "Kukawski, Maciej"]
[Result "0-1"]
[WhiteElo "2355"]
[BlackElo "2338"]
[PlyCount "60"]
[EventDate "2011.09.30"]
[EventType "tourn"]
[EventRounds "1"]
[EventCountry "POL"]
[EventCategory "3"]
[SourceDate "2011.09.29"]

1. d4 Nf6 2. c4 c5 3. e3 cxd4 4. exd4 d5 5. Nc3 g6 6. cxd5 Nxd5 7. Nf3 Bg7 8.
Be2 O-O 9. O-O Nc6 10. Bg5 Be6 11. Qd2 Qb6 12. Rad1 Rfd8 13. Rfe1 Qa5 14. h3 a6
15. Bf1 Nxc3 16. bxc3 Qxa2 17. Qf4 b5 18. h4 Qd5 19. Bd3 Qd6 20. Qe3 Bd5 21. h5
Qd7 22. hxg6 hxg6 23. Qf4 b4 24. Qh4 bxc3 25. Re3 Bxf3 26. Rxf3 Qxd4 27. Rf4
Qb6 28. Qh3 Ne5 29. Bc2 Rxd1+ 30. Bxd1 Qb1 0-1

[Event "95th YMCA Masters "]
[Site "Warszawa"]
[Date "2011.11.23"]
[Round "6"]
[White "Strzemiecki, Zbigniew"]
[Black "Janczarski, Michal"]
[Result "1-0"]
[WhiteElo "2421"]
[BlackElo "2301"]
[PlyCount "41"]
[EventDate "2011.09.30"]
[EventType "tourn"]
[EventRounds "1"]
[EventCountry "POL"]
[EventCategory "3"]
[SourceDate "2011.09.29"]

1. e4 c5 2. Nf3 Nc6 3. Bb5 g6 4. Bxc6 bxc6 5. O-O Bg7 6. c3 d6 7. d4 cxd4 8.
cxd4 Bg4 9. Be3 Nf6 10. Nc3 O-O 11. h3 Bxf3 12. Qxf3 Qb6 13. b3 Rfc8 14. Rac1
h6 15. Rc2 a5 16. Rfc1 Nd7 17. Nd5 Qd8 18. Rxc6 Rxc6 19. Rxc6 a4 20. bxa4 Rxa4
21. Rc8 1-0

[Event "95th YMCA Masters "]
[Site "Warszawa"]
[Date "2011.11.04"]
[Round "6"]
[White "Adamski, Andrzej"]
[Black "Chalupnik, Marcin"]
[Result "1-0"]
[WhiteElo "2255"]
[BlackElo "2236"]
[PlyCount "89"]
[EventDate "2011.09.30"]
[EventType "tourn"]
[EventRounds "1"]
[EventCountry "POL"]
[EventCategory "3"]
[SourceDate "2011.09.29"]

1. e4 c5 2. c3 e6 3. d4 d5 4. e5 Nc6 5. Nf3 Bd7 6. Be2 Nge7 7. O-O Ng6 8. g3
cxd4 9. cxd4 Be7 10. h4 O-O 11. Nc3 f6 12. exf6 Bxf6 13. a3 Nge7 14. Bf4 Nf5
15. Be5 Bxe5 16. dxe5 Be8 17. Na4 Qe7 18. Rc1 Bh5 19. Re1 Rac8 20. b4 Rc7 21.
Nc5 Rfc8 22. Nd3 a5 23. Nf4 Bxf3 24. Bxf3 axb4 25. Nxe6 Rd7 26. Nf4 bxa3 27.
Qd3 Rf8 28. Nxd5 Qd8 29. Qc4 Kh8 30. Rcd1 Nfd4 31. Rxd4 Nxd4 32. Qxd4 Rxf3 33.
Rd1 Qe8 34. Qe4 Rf8 35. Kg2 a2 36. e6 Rdf7 37. f4 b5 38. e7 Rg8 39. Re1 Qa8 40.
e8=Q Rff8 41. Qh5 g6 42. Qhe5+ Rg7 43. Q4d4 Rfg8 44. Kh3 Qc8+ 45. Kh2 1-0

[Event "95th YMCA Masters "]
[Site "Warszawa"]
[Date "2011.11.30"]
[Round "7"]
[White "Chalupnik, Marcin"]
[Black "Przezdziecka, Marta"]
[Result "1-0"]
[WhiteElo "2236"]
[BlackElo "2249"]
[PlyCount "49"]
[EventDate "2011.09.30"]
[EventType "tourn"]
[EventRounds "1"]
[EventCountry "POL"]
[EventCategory "3"]
[SourceDate "2011.09.29"]

1. c4 c5 2. g3 g6 3. Bg2 Bg7 4. Nc3 Nc6 5. Nf3 Nh6 6. h4 d6 7. d3 Rb8 8. h5 Bg4
9. Bg5 gxh5 10. Qd2 Nf5 11. Nh4 Nxh4 12. Rxh4 Qa5 13. f3 Bf5 14. Rxh5 Bg6 15.
Rh1 a6 16. f4 h6 17. Bh4 e6 18. Ne4 Bxe4 19. Bxe4 Qc7 20. Rc1 b5 21. b3 O-O 22.
f5 exf5 23. Bf6 fxe4 24. Qxh6 Qa5+ 25. Kf1 1-0

[Event "95th YMCA Masters "]
[Site "Warszawa"]
[Date "2011.12.06"]
[Round "7"]
[White "Janczarski, Michal"]
[Black "Adamski, Andrzej"]
[Result "1-0"]
[WhiteElo "2301"]
[BlackElo "2255"]
[Annotator "M"]
[PlyCount "167"]
[EventDate "2011.09.30"]
[EventType "tourn"]
[EventRounds "1"]
[EventCountry "POL"]
[EventCategory "3"]
[SourceDate "2011.09.29"]

1. Nf3 g6 2. c4 Bg7 3. Nc3 e5 4. g3 Nc6 5. Bg2 d6 6. O-O Bg4 7. h3 Be6 8. d3
Qc8 9. Kh2 h5 10. Rb1 f6 11. d4 Bf5 12. e4 Bg4 13. Be3 exd4 14. Bxd4 Ne5 15.
Nd5 Nxf3+ 16. Bxf3 Bxh3 17. Nxc7+ Qxc7 18. Kxh3 Ne7 19. b3 Nc6 20. Bb2 O-O-O
21. Qd5 Ne5 22. Be2 Qd7+ 23. Kg2 h4 24. Bxe5 dxe5 $11 25. Qxd7+ Kxd7 26. Rbd1+
Kc7 27. Rxd8 Rxd8 28. gxh4 Rd2 29. Bg4 Kd6 30. Bc8 b6 31. Kf3 Ke7 32. Rg1 Kf7
33. Bb7 Bh6 34. Bd5+ Kg7 35. b4 Rd3+ 36. Kg2 Rd2 37. Re1 Rc2 38. c5 bxc5 39.
Bb3 Rc3 40. Rd1 cxb4 41. Rd7+ Kh8 42. Rxa7 Bg7 43. Rb7 Kh7 44. Rxb4 Rc7 45. Rb6
Ra7 46. a4 Kh6 47. Kg3 g5 48. Rb4 Bf8 49. Rb8 Bc5 50. Rh8+ Kg7 51. Rg8+ Kh7 52.
hxg5 fxg5 53. Rxg5 Rb7 54. Bd5 Rb4 55. Bc6 Rc4 56. f3 Be3 57. Rh5+ Kg7 58. Bb5
Bf4+ 59. Kg4 Rc3 60. Rh1 Kf6 61. Rh8 Rc1 62. Rf8+ Ke6 63. Be2 Rg1+ 64. Kh3 Rg3+
65. Kh4 Rg2 66. Bc4+ Kd6 67. a5 Rg7 68. a6 Kc5 69. Be2 Kb6 70. Rf6+ Ka7 71. Re6
Bh2 72. Bc4 Rc7 73. Bd5 Rg7 74. Kh5 Bf4 75. Rf6 Rg5+ 76. Kh4 Rg7 77. Rxf4 exf4
78. Bb7 Rg1 79. e5 Kb6 80. e6 Re1 81. Be4 Kxa6 82. e7 Rh1+ 83. Kg5 Rh8 84. Bg6
1-0

[Event "95th YMCA Masters "]
[Site "Warszawa"]
[Date "2011.11.18"]
[Round "7"]
[White "Kukawski, Maciej"]
[Black "Strzemiecki, Zbigniew"]
[Result "0-1"]
[WhiteElo "2338"]
[BlackElo "2421"]
[PlyCount "38"]
[EventDate "2011.09.30"]
[EventType "tourn"]
[EventRounds "1"]
[EventCountry "POL"]
[EventCategory "3"]
[SourceDate "2011.09.29"]

1. e4 e6 2. d4 d5 3. Nc3 Nf6 4. e5 Nfd7 5. Nce2 c5 6. c3 Nc6 7. f4 Qb6 8. Nf3
f6 9. g3 cxd4 10. cxd4 fxe5 11. fxe5 Bb4+ 12. Nc3 O-O 13. Bf4 Be7 14. Bh3 Qxb2
15. Bxe6+ Kh8 16. Na4 Qg2 17. Rf1 Bb4+ 18. Nd2 Nxd4 19. Rf2 Qe4+ 0-1

[Event "95th YMCA Masters "]
[Site "Warszawa"]
[Date "2011.11.18"]
[Round "7"]
[White "Bobula, Mateusz"]
[Black "Kosiorek, Marek"]
[Result "0-1"]
[WhiteElo "2379"]
[BlackElo "2355"]
[PlyCount "50"]
[EventDate "2011.09.30"]
[EventType "tourn"]
[EventRounds "1"]
[EventCountry "POL"]
[EventCategory "3"]
[SourceDate "2011.09.29"]

1. d4 g6 2. c4 Bg7 3. Nf3 Nf6 4. g3 c5 5. Bg2 cxd4 6. Nxd4 Nc6 7. O-O Qb6 8.
Nc2 Qc5 9. Nba3 O-O 10. b4 Qh5 11. h4 d6 12. Bb2 g5 13. Bf3 Qg6 14. hxg5 Qxg5
15. Qc1 Qg6 16. Nb5 Bh3 17. Rd1 Bh6 18. e3 Rac8 19. Ncd4 Ne5 20. Bxb7 Rxc4 21.
Qd2 Ne4 22. Bxe4 Qxe4 23. f4 a6 24. Nc3 Qb7 25. fxe5 Bxe3+ 0-1

[Event "95th YMCA Masters "]
[Site "Warszawa"]
[Date "2011.11.18"]
[Round "7"]
[White "Pinski, Jan"]
[Black "Alvarado, Carlos"]
[Result "1-0"]
[WhiteElo "2377"]
[BlackElo "2212"]
[PlyCount "55"]
[EventDate "2011.09.30"]
[EventType "tourn"]
[EventRounds "1"]
[EventCountry "POL"]
[EventCategory "3"]
[SourceDate "2011.09.29"]

1. e4 e5 2. Nf3 Nf6 3. Nc3 Nc6 4. a3 Nd4 5. Bc4 Nxf3+ 6. Qxf3 c6 7. d3 d6 8.
O-O Be7 9. Qe2 O-O 10. f4 Nd7 11. f5 Bg5 12. Bxg5 Qxg5 13. Rf3 Nf6 14. Raf1 Kh8
15. Rg3 Qh5 16. Qd2 Qh6 17. Qd1 Ng8 18. Rh3 Qg5 19. Rh5 Qe3+ 20. Kh1 Nf6 21.
Rh3 Qd4 22. g4 g5 23. Qd2 Rg8 24. Bxf7 Rg7 25. Bg6 Nxg4 26. Qxg5 Bxf5 27. Qxf5
Ne3 28. Qf8+ 1-0

[Event "95th YMCA Masters "]
[Site "Warszawa"]
[Date "2011.11.21"]
[Round "7"]
[White "Przedmojski, Rafal"]
[Black "Nguyen, Piotr"]
[Result "0-1"]
[WhiteElo "2374"]
[BlackElo "2368"]
[Annotator "M"]
[PlyCount "70"]
[EventDate "2011.09.30"]
[EventType "tourn"]
[EventRounds "1"]
[EventCountry "POL"]
[EventCategory "3"]
[SourceDate "2011.09.29"]

1. d4 Nf6 2. c4 g6 3. Nc3 Bg7 4. e4 O-O 5. Be3 c6 6. e5 Ne8 7. f4 d6 8. Nf3 f6
9. Qb3 dxe5 10. dxe5 Qc7 11. c5+ Kh8 12. e6 b6 13. h4 Bh6 14. g3 Ng7 15. cxb6
axb6 16. Bxb6 Qb7 17. Bc4 Bxe6 18. Bxe6 Nxe6 19. O-O-O Ng7 20. Kc2 Na6 21. Nd2
$11 Nf5 22. Bf2 Nb4+ 23. Kb1 Rfb8 24. Nc4 Qa6 25. Nb6 Nd3 26. Bg1 Nxg3 27. Rh3
Bxf4 28. Nca4 Ne5 29. Rxg3 Bxg3 30. Qxg3 Rd8 31. Re1 Rd3 32. Qf4 Rad8 33. Nc3
Rf3 34. Qe4 Rf1 35. Bc5 Nf3 0-1

[Event "95th YMCA Masters "]
[Site "Warszawa"]
[Date "2011.11.18"]
[Round "8"]
[White "Przezdziecka, Marta"]
[Black "Nguyen, Piotr"]
[Result "1-0"]
[WhiteElo "2249"]
[BlackElo "2368"]
[Annotator "M"]
[PlyCount "127"]
[EventDate "2011.09.30"]
[EventType "tourn"]
[EventRounds "1"]
[EventCountry "POL"]
[EventCategory "3"]
[SourceDate "2011.09.29"]

1. d4 e6 2. Nf3 c5 3. g3 b5 4. Bg2 Bb7 5. O-O Nf6 6. a4 b4 7. c4 cxd4 8. Nxd4
Bxg2 9. Kxg2 d5 10. Nf3 Nc6 11. Nbd2 Be7 12. Qc2 Rc8 13. cxd5 exd5 14. Qd3 O-O
15. Nb3 Qd7 16. Rd1 Rfd8 17. Be3 Ng4 18. Bf4 Bf6 19. Rd2 h6 20. h3 Nge5 21.
Bxe5 Nxe5 22. Nxe5 Bxe5 23. e4 Qb7 24. exd5 Bc3 25. Rc2 Bf6 26. Na5 Qa8 27.
Rxc8 Qxc8 28. Rd1 Rd7 29. b3 Qc5 $11 30. Nc4 g6 31. d6 Bc3 32. Qd5 Qxd5+ 33.
Rxd5 f6 34. Kf3 Kf7 35. Rb5 Ke6 36. Rb8 h5 37. Re8+ Kd5 38. Re7 Kc6 39. Rxd7
Kxd7 40. Ke4 Be1 41. Ke3 Ke6 42. g4 hxg4 43. hxg4 Bc3 44. f4 Be1 45. f5+ gxf5
46. gxf5+ Kd7 47. Ke4 Kc6 48. d7 Kxd7 49. Kd5 Bf2 50. Nd6 Ke7 51. Ne4 Be1 52.
Kc6 Bc3 53. Nf2 Bd4 54. Nd3 Bc3 55. a5 Bd2 56. a6 Bc3 57. Nf4 Kd8 58. Kb7 Kd7
59. Kxa7 Kd6 60. Kb7 Bd4 61. Nd3 Kd5 62. Nxb4+ Ke4 63. Nc6 Be3 64. Ne7 1-0

[Event "95th YMCA Masters "]
[Site "Warszawa"]
[Date "2011.11.25"]
[Round "8"]
[White "Alvarado, Carlos"]
[Black "Przedmojski, Rafal"]
[Result "1-0"]
[WhiteElo "2212"]
[BlackElo "2374"]
[PlyCount "99"]
[EventDate "2011.09.30"]
[EventType "tourn"]
[EventRounds "1"]
[EventCountry "POL"]
[EventCategory "3"]
[SourceDate "2011.09.29"]

1. d4 f5 2. Nc3 d5 3. Bg5 g6 4. Qd2 Bg7 5. e3 h6 6. Bf4 c6 7. Nf3 Nd7 8. Ne5
Nxe5 9. Bxe5 Bxe5 10. dxe5 Qc7 11. f4 e6 12. Be2 h5 13. O-O-O Bd7 14. h3 h4 15.
g4 hxg3 16. Qe1 O-O-O 17. Qxg3 Be8 18. h4 Rd7 19. Rh2 Rdh7 20. Nb1 b5 21. Nd2
Qb6 22. Qf2 c5 23. Nf3 Rc7 24. Ng5 c4 25. Nf3 b4 26. Kb1 Ne7 27. Nd4 Bf7 28. b3
cxb3 29. cxb3 a6 30. Qf1 Kb7 31. Bf3 Nc6 32. Nc2 Na7 33. Rd4 Nb5 34. Rxb4 Rxc2
35. Rxb5 axb5 36. Rxc2 Rxh4 37. Qe1 Qd8 38. Qb4 Be8 39. Be2 Rh1+ 40. Kb2 Rh2
41. a4 Rh7 42. Bxb5 Qb6 43. Rc5 Kb8 44. Qc3 Qd8 45. Bxe8 Qxe8 46. Rc6 Rb7 47.
Qc5 Qd7 48. b4 Ka8 49. b5 Rb8 50. Ra6+ 1-0

[Event "95th YMCA Masters "]
[Site "Warszawa"]
[Date "2011.11.25"]
[Round "8"]
[White "Kosiorek, Marek"]
[Black "Pinski, Jan"]
[Result "0-1"]
[WhiteElo "2355"]
[BlackElo "2377"]
[PlyCount "58"]
[EventDate "2011.09.30"]
[EventType "tourn"]
[EventRounds "1"]
[EventCountry "POL"]
[EventCategory "3"]
[SourceDate "2011.09.29"]

1. Nf3 f5 2. c4 Nf6 3. Nc3 e6 4. d4 Bb4 5. Qb3 c5 6. dxc5 Na6 7. a3 Bxc3+ 8.
Qxc3 Nxc5 9. h3 O-O 10. e3 a5 11. b3 b6 12. Bb2 Qe7 13. Be2 Bb7 14. O-O Nfe4
15. Qc2 Ng5 16. Nxg5 Qxg5 17. g3 d6 18. Rad1 Ne4 19. Bf3 e5 20. Bg2 Rf6 21. b4
Rc8 22. Qb3 a4 23. Qxa4 Nxg3 24. Bxb7 Rg6 25. Bd5+ Kh8 26. f4 Qh4 27. Bg2 Ne2+
28. Kh1 Rxg2 29. Rf3 Rg3 0-1

[Event "95th YMCA Masters "]
[Site "Warszawa"]
[Date "2011.11.25"]
[Round "8"]
[White "Adamski, Andrzej"]
[Black "Kukawski, Maciej"]
[Result "1-0"]
[WhiteElo "2255"]
[BlackElo "2338"]
[Annotator "M"]
[PlyCount "71"]
[EventDate "2011.09.30"]
[EventType "tourn"]
[EventRounds "1"]
[EventCountry "POL"]
[EventCategory "3"]
[SourceDate "2011.09.29"]

1. e4 e6 2. d4 d5 3. e5 c5 4. c3 Qb6 5. Nf3 Bd7 6. dxc5 Bxc5 7. Qc2 a5 8. a4
Nc6 9. Na3 $11 f6 10. Bf4 g5 11. Bg3 g4 12. Nh4 fxe5 13. Be2 Nf6 14. O-O e4 15.
Nb5 e5 16. Kh1 O-O 17. Qd2 e3 18. fxe3 Bxe3 19. Qd3 Bg5 20. Nf5 Be6 21. Nfd6
Rad8 22. Bf2 d4 23. Bg1 Be3 24. Nc4 Qc5 25. Nxe3 e4 26. Qd2 dxe3 27. Qxe3 Qxe3
28. Bxe3 Nd5 29. Bh6 Rxf1+ 30. Rxf1 Nb6 31. Nd6 e3 32. Nxb7 Rb8 33. Rf6 Nd5 34.
Rxe6 Rxb7 35. Bb5 Re7 36. Bxc6 1-0

[Event "95th YMCA Masters "]
[Site "Warszawa"]
[Date "2011.11.25"]
[Round "8"]
[White "Chalupnik, Marcin"]
[Black "Janczarski, Michal"]
[Result "0-1"]
[WhiteElo "2236"]
[BlackElo "2301"]
[PlyCount "64"]
[EventDate "2011.09.30"]
[EventType "tourn"]
[EventRounds "1"]
[EventCountry "POL"]
[EventCategory "3"]
[SourceDate "2011.09.29"]

1. c4 e5 2. g3 g6 3. Bg2 Bg7 4. Nc3 Ne7 5. e4 d6 6. Nge2 Be6 7. d3 c6 8. O-O
O-O 9. f4 d5 10. fxe5 dxc4 11. d4 c5 12. d5 Bg4 13. h3 Bc8 14. d6 Nec6 15. Nd5
a6 16. Ne7+ Nxe7 17. Bg5 Re8 18. Qc2 Bxe5 19. Bxe7 Rxe7 20. dxe7 Qxe7 21. Qxc4
Bxb2 22. Rab1 b5 23. Qc2 Be5 24. Nf4 Nc6 25. Nd5 Qd6 26. Rbd1 Nd4 27. Qf2 Be6
28. Nf6+ Bxf6 29. Qxf6 Qxg3 30. h4 Rf8 31. h5 Ne2+ 32. Kh1 Qg4 0-1

[Event "95th YMCA Masters "]
[Site "Warszawa"]
[Date "2011.11.29"]
[Round "9"]
[White "Janczarski, Michal"]
[Black "Przezdziecka, Marta"]
[Result "1-0"]
[WhiteElo "2301"]
[BlackElo "2249"]
[PlyCount "95"]
[EventDate "2011.09.30"]
[EventType "tourn"]
[EventRounds "1"]
[EventCountry "POL"]
[EventCategory "3"]
[SourceDate "2011.09.29"]

1. Nf3 c5 2. c4 Nc6 3. g3 Nf6 4. Bg2 g6 5. Nc3 Bg7 6. O-O O-O 7. Ne1 d6 8. d3
Bd7 9. a3 Rb8 10. Nc2 Nd4 11. b4 Nb3 12. Rb1 Nxc1 13. Qxc1 cxb4 14. axb4 b5 15.
Nxb5 Bxb5 16. cxb5 Rxb5 17. Nd4 Rb6 18. Qa3 Qd7 19. Rfc1 Nd5 20. Bxd5 Bxd4 21.
Rc4 Bf6 22. Rbc1 Rfb8 23. Bc6 Qe6 24. Re4 Qf5 25. b5 d5 26. Ra4 h5 27. Rxa7 h4
28. Qc5 hxg3 29. hxg3 Qg4 30. e3 Kg7 31. Qxd5 Rh8 32. Ra8 e6 33. Qd7 Rbb8 34.
Rxb8 Rxb8 35. Qc7 Rh8 36. b6 Bd8 37. Qe5+ Bf6 38. Qc5 Qe2 39. Be4 Rh5 40. Qc6
Rh8 41. d4 Bg5 42. Qc3 Qg4 43. Bg2 Be7 44. b7 Bd6 45. Qb3 Rb8 46. Qb6 Ba3 47.
Ra1 Be7 48. Qc7 1-0

[Event "95th YMCA Masters "]
[Site "Warszawa"]
[Date "2011.12.02"]
[Round "9"]
[White "Kukawski, Maciej"]
[Black "Chalupnik, Marcin"]
[Result "0-1"]
[WhiteElo "2338"]
[BlackElo "2236"]
[PlyCount "48"]
[EventDate "2011.09.30"]
[EventType "tourn"]
[EventRounds "1"]
[EventCountry "POL"]
[EventCategory "3"]
[SourceDate "2011.09.29"]

1. e4 c5 2. Nf3 e6 3. c3 d5 4. exd5 exd5 5. d4 a6 6. Be3 c4 7. b3 b5 8. a4 Bb7
9. axb5 axb5 10. Rxa8 Bxa8 11. Ne5 Nd7 12. Nd2 Bd6 13. Ndf3 Ngf6 14. Bg5 Qe7
15. Qe2 O-O 16. Nxd7 Qxd7 17. Bxf6 gxf6 18. Qd2 Re8+ 19. Be2 b4 20. bxc4 dxc4
21. O-O bxc3 22. Qc2 Qg4 23. Rd1 Rxe2 24. Qxe2 Bxf3 0-1